000 00463nam a2200193Ia 4500
005 20250423095339.0
008 250422s9999 xx 000 0 und d
020 _a0-201-12819-5
050 _aQC760.C48/
100 _aDavid K. Cheng
245 0 _aField and Wave Electromagnetics
250 _a2nd
260 _aNew York
260 _bAddison-Wesley Publishing Company
260 _c1989
300 _a703 p
650 _aElectromagnetism
942 _cBK
999 _c29999
_d29999